| 000 | 00429nam a2200193Ia 4500 | ||
|---|---|---|---|
| 005 | 20240823040824.0 | ||
| 008 | 240823s9999||||xx |||||||||||||| ||und|| | ||
| 020 | _a81-2196-2420-0 | ||
| 041 | _aENGLISH | ||
| 082 | _A823.8 | ||
| 100 | _aCharles Dickens | ||
| 245 | 2 | _aA Tale of two Cities | |
| 250 | _a1st | ||
| 260 | _bS Chand & Co | ||
| 500 | _aISSUED | ||
| 650 |
_aGeneral _bGeneral |
||
| 942 | _cBK | ||
| 999 |
_c204030 _d204030 |
||